Japanese Cities A-Z - Statistics

General Stats
  • This quiz has been taken 120 times
  • The average score is 12 of 21
Answer Stats
Clue City % Correct
K Famous for its beef Kobe
91%
F Most populous in Kyushu Fukuoka
90%
T Named itself after Japan's largest car company Toyota
86%
H Where the "Little Boy" was dropped Hiroshima
85%
Y Second-most populous in Japan Yokohama
81%
N 1998 Winter Olympics host Nagano
75%
O Namesake of the southernmost prefecture of Japan Okinawa
71%
C Greater Tokyo suburb home to theworld's longest suspended monorail Chiba
64%
A Honshu's northernmost major city Aomori
63%
S Most affected major city of the 2011 earthquake Sendai
59%
D City in Fukushima or a palm fruit Date
49%
G Namesake of a landlocked prefecture Gifu
48%
M Namesake of the Studio Ghibli creator Miyazaki
48%
W Largest on the Kii peninsula Wakayama
47%
Z It's not a sushi knock off, it's a city in the Kanagawa prefecture Zushi
47%
B Second-largest in Ōita prefecture Beppu
42%
U Capital of the Tochigi prefecture Utsunomiya
40%
J Third-largest in Niigata prefecture Jōetsu
35%
I Major city in Keihanshin with namesake of a prefecture in central Honshu Ibaraki
33%
E Largest suburb of Greater Sapporo Ebetsu
29%
R City in Kansai that is home to one ofJapan's two most prestigious horse-racing training centers Rittō
14%
No matching quizzes found
Score Distribution
Percent of People with Each Score
Percentile by Number Answered
Your Score History
You have not taken this quiz